00980nam a2200241 a 4500008004100000020002300041049000900064090001400073245017100087260003800258500002000296500004100316650006300357650005200420700002200472907003500494003000100529005001700530040000900547942002100556999001900577952014200596  a0061415308 (hpk. ) aMAIN aRJ252 NOR10aNormal and abnormal development of the human nervous system /cRonald J. Lemire[et...al]; illustrations by Phyllis J. Wood; photographic assistance by Warren R. Criss aHagerstown :bHarper & Row,c1975 aIncludes index. aIncludes bibliographical references. 1aDevelopmental neurologyxCentral nervous system-embrology. aNervous system - abnormalities and deformities. aLemire, Ronald J. a.b10221530b23-05-07c30-11-0620230120203934.0 cNUST cBOOKSkRJ252 NOR c114236d114236 r2023-01-20 00:00:00l0oRJ252 NORp92004005493v80.00w2023-01-20yBOOKS102LCC40708NFIC00aMedicalbMedicalcGENd2023-01-20g80.00